Statistics for Historical Figures by Country of Birth

Click here to take the quiz!

General Stats

  • This quiz has been taken 494 times
  • The average score is 16 of 32

Answer Stats

HintAnswer% Correct
Napoleon BonaparteFrance
99%
Julius CaesarItaly
93%
Alexander the GreatGreece
91%
Adolph HitlerAustria
85%
Peter the GreatRussia
81%
Nelson MandelaSouth Africa
81%
Jimi HendrixUnited States
78%
Christopher ColumbusItaly
75%
John Paul IIPoland
75%
Che GuevaraArgentina
68%
MuhammadSaudi Arabia
68%
Pol PotCambodia
64%
Sun Yat-senChina
62%
Haile SelassieEthiopia
58%
Adam SmithUnited Kingdom
57%
Tokugawa IeyasuJapan
45%
Mother TheresaAlbania
42%
Simon BolivarVenezuela
41%
Arthur Wellesley, Duke of WellingtonIreland
38%
Nikola TeslaCroatia
37%
Henry the NavigatorPortugal
30%
JosephusIsrael
29%
Hannibal BarcaTunisia
29%
Kamehameha IUnited States
28%
Joan SutherlandAustralia
26%
Canute the GreatDenmark
26%
William of Orange "the Silent"Germany
23%
David SuzukiCanada
20%
Saint NicholasTurkey
20%
Bonnie Prince CharlieItaly
15%
Timur "Tamerlane"Uzbekistan
14%
AtahualpaEcuador
13%

Score Distribution

Percentile by Number Answered

Percent of People with Each Score

Your Score History

You have not taken this quiz